Popularne zagraniczne piosenki w Polsce. 05-11.02 Spotify - Statystyki

Ogólne statystyki
  • Ten quiz został rozwiązany 7 razy
  • Średni wynik to 6 z 30
Statystyki odpowiedzi
Wykonawca Odsłuchania Utwór % Poprawnych
The Weeknd 424K Blinding Lights
71%
Olivia Rodrigo 717K drivers license
57%
The Weeknd 572K Save Your Tears
57%
The Neighbourhood 206K Daddy Issues
43%
24kGoldn, iann dior 358K Mood
43%
MEDUZA, Dermot Kennedy 342K Paradise
43%
Miley Cyrus, Dua Lipa 283K Prisoner
43%
Harry Styles 212K Watermelon Sugar
43%
Justin Bieber, benny blanco 200K Lonely
29%
Ariana Grande 245K positions
29%
The Neighbourhood 288K Sweater Weather
29%
Tiesto 439K The Business
29%
Billie Eilish 276K Therefore I Am
29%
Ofenbach, Quarterhead, Norma Jean Martine 214K Head Shoulders Knees & Toes
14%
Dua Lipa, DaBaby 330K Levitating
14%
Jason Derulo, Nuka 190K Love Not War
14%
Shawn Mendes, Justin Bieber 245K Monster
14%
SAINt JHN, Imanbek 210K Roses
14%
Doja Cat 358K Streets
14%
Tate McRae 286K you broke me first
14%
Robin Schulz, KIDDO 281K All We Got
0%
Foushee 194K Deep End
0%
Alok, Ilkay Sencan, Tove Lo 266K Don't Say Goodbye
0%
Joel Corry, MNEK 239K Head & Heart
0%
Purple Disco Machine, Sophie and the Giants 206K Hipnotized
0%
Lil Nas X 189K HOLIDAY
0%
Internet Money, Gunna, Don Toliver, NAV 206K Lemonade
0%
CJ 188K Whoopty
0%
Arctic Monkeys 188K Why'd You Only Call Me When You're High?
0%
The Kid LAROI 206K WITHOUT YOU
0%
Nie znaleziono quizów pasujących do podanych kryteriów
Rozkład punktacji
Procent ludzi z każdym wynikiem
Percentyl według liczby udzielonych odpowiedzi
Twoja historia wyników
Nie rozwiązałeś tego quizu